| 000 | 00596nam a22001931i 4500 | ||
|---|---|---|---|
| 001 | 5638 | ||
| 090 | _a5638 | ||
| 100 | _a20170304u u u0frey50 ba | ||
| 101 | 0 | _apor | |
| 200 | 1 |
_fD. Juan Capdevila _aNico e Ana querem ser bombeiros |
|
| 215 |
_a[27] p. _cil. _d26 cm |
||
| 702 | 1 |
_aQuintela _bMariana _4730 |
|
| 701 | 1 |
_aDenou _bVioleta _4440 |
|
| 700 | 1 |
_aCapdevila _bD. Juan _4070 |
|
| 210 |
_cEuropa-América _aMem Martins |
||
| 225 | 2 | _aNico e Ana | |
| 410 | 0 | _tNico e Ana | |
| 996 |
_f0006123 _kNIC Inf _m00000000 _n00000000 _aBMVA _b1 _vViana do Alentejo _xLiteratura Infantil _y35 _eLivro _10 _31 |
||
| 990 | _cLIVROS | ||